000 00678nam a2200217Ia 4500
001 2418
003 GE_BSU
008 181216s||||||||xx |||||||||||||| ||und||
020 _a9992822155
040 _cGE_BSU
080 _a94(3)
245 _aსუა საუკუნეების ისტორიის საკოთხები.I
245 _c[რედ. გ. ჟორდანია
260 _aთბილისი
260 _bმერიდიანი
260 _c1999
300 _a185 გვ.
541 _h5 ლ.
653 _aსუა საუკუნეების ისტორიის საკოთხები.I
942 _cBK
999 _c36500
_d36500